000 01011nam a2200289 c 4500
003 BLK
005 20180421000521.0
008 180411b bul|||||r ||||||| ||bul||
010 _aKNG00197521000
040 _aBLK
041 _aBUL
_cBUL
080 _aБългарска литература
_b821.163.2
_x-32
_z821.163.2-32
100 1 _aХристосков, Начо Димитров
_eпърви автор
_9249470
139 _aХристосков, Начо Димитров
_bХ 84
245 1 0 _aДъх на ягоди, полъх на любов и телеграма
_bНовели
_cНачо Димитров Христосков.
257 _aBGR
260 Пловдив
_bХристо Г. Данов
_c1990
300 _a152 с.
_c19 см
380 _aX
490 1 _aДебют Проза
500 _a3 537 тир.
852 _aЦб 162108
856 4 _qpdf
_u
856 4 _qpdf
_u
942 _cKNG
_n0
944 _aCR
_c06.12.2016
_kНора_Радева
944 _aED
_c06.12.2016
_kНора_Радева
999 _c188503
_d188503